Open Data Biblioteca Nacional de Portugal


República Portuguesa: Ministério da Cultura
Biblioteca Nacional de Portugal

Catálogo da BNP: acesso por Identificadores Unívocos
Registos Bibliográficos associados ao registo de autoridade

Etiqueta de registo: 00545cam 02200193 04500
001 468159
003 http://id.bnportugal.gov.pt/bib/catbnp/468159
005 19990101000000.0
095 ## $aPTBN00670723
100 ## $a19941114d19 c y0pory0103 ba
101 0# $apor
102 ## $aPT
200 1# $aHeróis de Portugal$e3ª classe$fAntónio Severo e Francisco Marinho
205 ## $a2ª ed
210 #9 $aPorto$cLiv. Figueirinhas,$d[19--]
215 ## $a47, [1] p.$cil.$d25 cm
700 #1 $aSevero,$bAntónio$3112922
701 #1 $aMarinho,$bFrancisco$4070$381695
801 #0 $aPT$bBN$gRPC
966 ## $lBN$mFGMON$sS.C. 26647 V.
997 ## $aBIBEOD

Etiqueta de registo: 00589cam 022002171 04500
001 413408
003 http://id.bnportugal.gov.pt/bib/catbnp/413408
005 19981231000000.0
095 ## $aPTBN00442035
100 ## $a19930319d1973 a y0pory0103 ba
101 0# $apor
102 ## $aPT
200 1# $aCaderno de redacção e gramática$fAntónio Severo, Francisco Marinho
205 ## $a5ª ed
210 #9 $aPorto$cLiv. Avis,$d[D.L. 1973]
215 ## $a95 p.$cil.$d25 cm
675 ## $a372$vmed$zpor$3288593
700 #1 $aSevero,$bAntónio$3112922
701 #1 $aMarinho,$bFrancisco$4070$381695
801 #0 $aPT$bBN$gRPC
966 ## $lBN$mFGMON$sS.C. 34394 V.
997 ## $aBIBEOD
998 ## $aCR549-136

Etiqueta de registo: 00592cam 022002051 04500
001 348139
003 http://id.bnportugal.gov.pt/bib/catbnp/348139
005 19981229000000.0
095 ## $aPTBN00368989
100 ## $a19920703d1971 c y0pory0103 ba
101 0# $apor
102 ## $aPT
200 1# $aCaderno de redacção gramática e desenho$e4ª classe$fAntónio Severo e Francisco Marinho
205 ## $a3ª ed
210 #9 $aPorto$cLivr. Avis,$d[D.L. 1971]
215 ## $a120 p.$cil.$d25 cm
675 ## $a372$vmed$zpor$3288593
700 #1 $aSevero,$bAntónio$3112922
701 #1 $aMarinho,$bFrancisco$4070$381695
801 #0 $aPT$bBN$gRPC
966 ## $lBN$mFGMON$sS.C. 33193 V.
997 ## $aBIBEOD

Etiqueta de registo: 00619cam 022002051 04500
001 266543
003 http://id.bnportugal.gov.pt/bib/catbnp/266543
005 19981206233000.0
095 ## $aPTBN00277210
100 ## $a19641101d1964 c y0pora0103 ba
101 0# $apor
102 ## $aPT
200 1# $aCadernos de trabalhos manuais$e4ª classe$fAntónio Severo, Francisco Marinho e Manuel Salazar
210 #9 $aPorto$cLivr. Figueirinhas,$d[D.L. 1964]
215 ## $a85 p., [1] f.$cil.$d26 cm
675 ## $a372$vmed$zpor$3288593
700 #1 $aSevero,$bAntónio$3112922
701 #1 $aMarinho,$bFrancisco$4070$381695
701 #1 $aSalazar,$bManuel$4070$3351015
801 #0 $aPT$bBN$gRPC
966 ## $lBN$mFGMON$sS.C. 24272 V.
997 ## $aBIBEOD

Etiqueta de registo: 00552cam 022001931 04500
001 266542
003 http://id.bnportugal.gov.pt/bib/catbnp/266542
005 19981206233000.0
095 ## $aPTBN00277209
100 ## $a19641101d1964 c y0pora0103 ba
101 0# $apor
102 ## $aPT
200 1# $aHeróis de Portugal$e3ª classe$fAntónio Severo e Francisco Marinho
210 #9 $aPorto$cLivr. Figueirinhas,$d[D.L. 1964]
215 ## $a47, [1] p.$cil.$d26 cm
675 ## $a372$vmed$zpor$3288593
700 #1 $aSevero,$bAntónio$3112922
701 #1 $aMarinho,$bFrancisco$4070$381695
801 #0 $aPT$bBN$gRPC
966 ## $lBN$mFGMON$sS.C. 24271 V.
997 ## $aBIBEOD

Etiqueta de registo: 00664cam 022002051 04500
001 144617
003 http://id.bnportugal.gov.pt/bib/catbnp/144617
005 19981123001600.0
095 ## $aPTBN00150354
100 ## $a19640701d1964 cd y0pora0103 ba
101 0# $apor
102 ## $aPT
200 1# $a O meu livro de trabalhos manuais$e1ª, 2ª, 3ª e 4ª classes$fAntónio Severo, Francisco Marinho, Manuel Salazar
210 #9 $aPorto$cLivr. Figueirinhas,$d[D.L. 1964]
215 ## $a243, [2] p., [1] f.$cil.$d25 cm
675 ## $a372$vmed$zpor$3288593
700 #1 $aSevero,$bAntónio$3112922
701 #1 $aMarinho,$bFrancisco$4070$381695
701 #1 $aSalazar,$bManuel$4070$3351015
801 #0 $aPT$bBN$gRPC
966 ## $lBN$mFGMON$sS.C. 23887 V.
997 ## $aBIBEOD

Etiqueta de registo: 00485cam 02200169 04500
001 472609
003 http://id.bnportugal.gov.pt/bib/catbnp/472609
005 19990101000000.0
095 ## $aPTBN00675243
100 ## $a19941129d1965 km y0pory0103 ba
101 0# $apor
102 ## $aPT
200 1# $aDesenhos e sugestões para trabalhos manuais$erecorte, picagem e colagem$fFrancisco Marinho
210 #9 $aPorto$cManuel Camanho,$d[D.L. 1965]
215 ## $a9 f.$d24 cm
700 #1 $aMarinho,$bFrancisco$381695
801 #0 $aPT$bBN$gRPC
966 ## $lBN$mFGMON$sS.C. 25251 V.
997 ## $aBIBEOD

Etiqueta de registo: 00000nkm 2200025 450
001 2256008
003 http://id.bnportugal.gov.pt/bib/catbnp/2256008
100 ## $a20260128d1987 m y0pory01030103ba
101 0# $apor
102 ## $aPT
200 1# $aBoris Vian, A espuma dos dias, encenação de Paulo Filipe, IBIS - Teatro Universitário do ISCTE, dezembro 87$bVisual gráfico]$fIbis - Teatro Universitário$gFrancisco Marinho
210 #9 $aLisboa$cIbis - Teatro Universitário,$d1987
215 ## $a1 cartaz$ccolor.$d56,5x30,3 cm
316 ## $aFuro na parte inferior$5PTBN: CT. 18165 A.
317 ## $aColeção Madeira Luís
675 ## $a766(=1:469)"1987"(084.5)$vBN$zpor$31993356
702 #1 $aMarinho,$bFrancisco$4410$381695
710 02 $aAssociacão de Estudantes do Instituto Superior de Ciências do Trabalho e da Empresa.$bIbis - Teatro Universitário$3227268
801 #0 $aPT$bBN$gRPC
966 ## $lBN$mICONOG$sCT. 18165 A.$x3
971 ## $cCaticonografia6$d20260128
995 ## $aPRR2026 $d20260128$iCaticonografia6

OpendataBNP@bnportugal.pt | Mais informação sobre acesso aos dados BNP